Giocatori da record nelle NBA Finals - Statistics

Statistiche generali
  • Questo quiz è stato fatto 15 volte
  • Il punteggio medio è 13 su 27
Statistiche sulle risposte
Record Giocatore % Corretto
Maggior numero di triple realizzate in carriera nelle Finals Stephen Curry
92%
Maggior numero di triple realizzate, in una serie Stephen Curry
92%
Maggior numero di triple realizzate, in una partita Stephen Curry
92%
Maggior numero di palle perse in carriera nelle Finals LeBron James
83%
Maggior numero di palle perse, in una serie LeBron James
83%
Maggior numero di stagioni nelle Finals Bill Russell
58%
Maggior numero di partite giocate nelle Finals Bill Russell
58%
Maggior numero di rimbalzi in carriera nelle Finals Bill Russell
58%
Maggior numero di rimbalzi, in una serie Bill Russell
58%
Maggior numero di rimbalzi, in una partita Bill Russell
58%
Maggior numero di stoppate in carriera nelle Finals Kareem Abdul-Jabbar
58%
Maggior numero di assist in carriera nelle Finals Magic Johnson
58%
Maggior numero di palle rubate in carriera nelle Finals Magic Johnson
58%
Maggior numero di assist, in una serie Magic Johnson
58%
Maggior numero di palle perse, in una serie Magic Johnson
58%
Maggior numero di assist, in una partita Magic Johnson
58%
Maggior numero di palle perse, in una partita Magic Johnson
58%
Maggior numero di stoppate, in una serie Tim Duncan
42%
Maggior numero di tiri liberi realizzati, in una partita Dwyane Wade
33%
Maggior numero di stoppate, in una partita Dwight Howard
25%
Maggior numero di palle rubate, in una serie Isiah Thomas
25%
Maggior numero di punti in carriera nelle Finals Jerry West
25%
Maggior numero di tiri liberi realizzati in carriera nelle Finals Jerry West
25%
Maggior numero di palle rubate, in una partita Robert Horry
8%
Maggior numero di punti, in una serie Elgin Baylor
0%
Maggior numero di tiri liberi realizzati, in una serie Elgin Baylor
0%
Maggior numero di punti, in una partita Elgin Baylor
0%
Nessun quiz corrispondente trovato
Distribuzione punteggi
Percentuale di utenti per punteggio
Percentile per numero di risposta
I tuoi punteggi nel tempo
Non hai fatto questo quiz